| 000 | 00684nam a2200193Ii 4500 | ||
|---|---|---|---|
| 003 | JO-AjNU | ||
| 008 | 230605s9999||||xx |||||||||||||| ||und|| | ||
| 040 |
_aJO-AjNU _bara _erda _cJO-AjNU |
||
| 041 | _aara | ||
| 050 | 1 | 4 | _aQE425.K42 1995 |
| 100 | 3 |
_aمنيزل، سامر، م. مشارك بسام الصناع, _eauthor _939687 |
|
| 245 | 0 | 0 | _aخامات احجار الزينة في الاردن |
| 264 | 3 | 1 | _aعمان:وزارة الطاقة ، 1995 |
| 300 | _a100ص | ||
| 336 |
_atext _btxt _2rdacontent |
||
| 337 |
_aunmediated _bn _2rdamedia |
||
| 338 |
_avolume _bnc _2rdacarrier |
||
| 650 | 4 |
_aالجيولوجيا الاقتصادية -- الأردن -معادن _939688 |
|
| 999 |
_aA16782 _c20350 _d20350 |
||